<?xml version="1.0" encoding="UTF-8"?>
<record
    xmlns:xsi="http://www.w3.org/2001/XMLSchema-instance"
    xsi:schemaLocation="http://www.loc.gov/MARC21/slim http://www.loc.gov/standards/marcxml/schema/MARC21slim.xsd"
    xmlns="http://www.loc.gov/MARC21/slim">

  <leader>00993cam a2200241 a 4500</leader>
  <controlfield tag="001">000004988</controlfield>
  <controlfield tag="005">20200929151542.0</controlfield>
  <controlfield tag="008">850222s1984    ag            001 p spa  </controlfield>
  <datafield tag="020" ind1=" " ind2=" ">
    <subfield code="a">9503601045</subfield>
  </datafield>
  <datafield tag="040" ind1=" " ind2=" ">
    <subfield code="a">DO-SdBNP</subfield>
    <subfield code="c">BNPHU</subfield>
    <subfield code="b">spa</subfield>
  </datafield>
  <datafield tag="082" ind1=" " ind2=" ">
    <subfield code="a">868.9981</subfield>
    <subfield code="b">S194m</subfield>
  </datafield>
  <datafield tag="245" ind1="0" ind2="0">
    <subfield code="a">San Mart&#xED;n y Bolivar en el canto /</subfield>
    <subfield code="c">Selecci&#xF3;n, Lidia Rosal&#xED;a de Jijena S&#xE1;nchez ; pr&#xF3;logo de Enrique M. Barba.</subfield>
  </datafield>
  <datafield tag="260" ind1=" " ind2=" ">
    <subfield code="a">Buenos Aires :</subfield>
    <subfield code="b">Ediciones Culturales Argentinas,</subfield>
    <subfield code="b">Secretar&#xED;a de Cultura,</subfield>
    <subfield code="b">Ministerio de Educaci&#xF3;n y Justicia,</subfield>
    <subfield code="c">1984.</subfield>
  </datafield>
  <datafield tag="300" ind1=" " ind2=" ">
    <subfield code="a">215 p. ;</subfield>
    <subfield code="c">22 cm.</subfield>
  </datafield>
  <datafield tag="600" ind1="1" ind2="4">
    <subfield code="a">SAN MART&#xCD;N, JOS&#xC9; DE,</subfield>
    <subfield code="d">1778-1850</subfield>
    <subfield code="x">POES&#xCD;AS</subfield>
    <subfield code="9">14396</subfield>
  </datafield>
  <datafield tag="600" ind1="1" ind2="4">
    <subfield code="a">BOL&#xCD;VAR, SIM&#xD3;N,</subfield>
    <subfield code="d">1783-1830</subfield>
    <subfield code="x">POES&#xCD;AS</subfield>
    <subfield code="9">14397</subfield>
  </datafield>
  <datafield tag="650" ind1=" " ind2="4">
    <subfield code="a">Poes&#xED;a hispanoamericana</subfield>
    <subfield code="9">8160</subfield>
  </datafield>
  <datafield tag="650" ind1=" " ind2="4">
    <subfield code="a">Poes&#xED;a patri&#xF3;tica</subfield>
    <subfield code="x">Colecciones</subfield>
    <subfield code="9">14398</subfield>
  </datafield>
  <datafield tag="700" ind1="1" ind2=" ">
    <subfield code="a">Jijena S&#xE1;nchez, Lidia Rosal&#xED;a</subfield>
    <subfield code="9">14399</subfield>
  </datafield>
  <datafield tag="700" ind1="1" ind2=" ">
    <subfield code="a">Barba, Enrique M.,</subfield>
    <subfield code="e">prol.</subfield>
    <subfield code="9">14400</subfield>
  </datafield>
  <datafield tag="710" ind1="2" ind2=" ">
    <subfield code="a">Secretar&#xED;a de Cultura</subfield>
    <subfield code="9">14401</subfield>
  </datafield>
  <datafield tag="710" ind1="2" ind2=" ">
    <subfield code="a">Ministerio de Educaci&#xF3;n y Justicia</subfield>
    <subfield code="9">14402</subfield>
  </datafield>
  <datafield tag="952" ind1=" " ind2=" ">
    <subfield code="0">0</subfield>
    <subfield code="1">0</subfield>
    <subfield code="5">2</subfield>
    <subfield code="7">0</subfield>
    <subfield code="8">MO</subfield>
    <subfield code="a">GR</subfield>
    <subfield code="b">GR</subfield>
    <subfield code="c">CT</subfield>
    <subfield code="d">2009-07-28</subfield>
    <subfield code="i">LF1</subfield>
    <subfield code="l">0</subfield>
    <subfield code="o">868.9981 S194m</subfield>
    <subfield code="p">4988-10</subfield>
    <subfield code="r">2020-06-25</subfield>
    <subfield code="w">2020-06-25</subfield>
    <subfield code="y">2</subfield>
    <subfield code="Z">Pr&#xE9;stamo interno</subfield>
  </datafield>
  <datafield tag="999" ind1=" " ind2=" ">
    <subfield code="c">4794</subfield>
    <subfield code="d">4794</subfield>
  </datafield>
</record>
